Bonbons traditionnel français par ville mort subite - Statistiques

Statistiques générales
  • Ce quiz a été pris 118 fois
  • Le résultat moyen est 3 sur 6
Answers on the Grid
Answers color-coded by a green-red scale on the quiz's grid according to % correct below.
Berlingot lille
Nougat Montpellier
Pralines Montargis
Négus Nevers
Nougat montelimar
Pastile vichy
Bêtise cambrai
Anis tours
Bergamote Strasbourg
Violette de lyon
Dragées verdun
 
Statistiques - réponses
Réponse % Correct
Pastile vichy
82%
Nougat montelimar
78%
Bêtise cambrai
74%
Dragées verdun
31%
Pralines Montargis
26%
Négus Nevers
13%
Aucun quiz correspondant
Distribution des résultats
% des personnes avec chaque résultat
Percentile par nombre de réponses
Votre historique - résultats
Vous n’avez pas pris ce quiz